000 00983nam a2200265Ia 4500
003 OSt
005 20220923211208.0
006 a|||||r|||| 00| 0
007 ta
008 220922b |||||||| |||| 00| 0 san d
020 _a97818183151566 (hbk)
_c550
024 _a263,130
037 _b107, 11/10/2011, Vidyanidhi Prakashan
_cTextual
040 _aARTS
_cARTS
_bsan
041 _2san
_asan
082 _aQ4, 152P6.5
100 _aव्यास, सूर्य प्रकाश, संपा.
_9159446
245 0 _aबौध प्रज्ञा - सिन्धु
246 _aBaudh prajnyā - sindhu
260 _aदिल्ली
_b न्यू भारतीय बुक कॉरपोरेशन
_c2006
300 _a236पृ0
_ccm.
650 _aधर्म
942 _hQ4, 152P6.5
_cTEXL
_2CC
999 _c296665
_d296665